<?xml version="1.0" encoding="UTF-8"?><?xml-stylesheet type="text/xsl" href="static/style.xsl"?><OAI-PMH xmlns="http://www.openarchives.org/OAI/2.0/" xmlns:xsi="http://www.w3.org/2001/XMLSchema-instance" xsi:schemaLocation="http://www.openarchives.org/OAI/2.0/ http://www.openarchives.org/OAI/2.0/OAI-PMH.xsd"><responseDate>2026-04-18T04:27:54Z</responseDate><request verb="GetRecord" identifier="oai:www.recercat.cat:2072/408920" metadataPrefix="marc">https://recercat.cat/oai/request</request><GetRecord><record><header><identifier>oai:recercat.cat:2072/408920</identifier><datestamp>2025-06-13T02:20:41Z</datestamp><setSpec>com_2072_98</setSpec><setSpec>col_2072_378192</setSpec></header><metadata><record xmlns="http://www.loc.gov/MARC21/slim" xmlns:dcterms="http://purl.org/dc/terms/" xmlns:xsi="http://www.w3.org/2001/XMLSchema-instance" xmlns:doc="http://www.lyncode.com/xoai" xsi:schemaLocation="http://www.loc.gov/MARC21/slim http://www.loc.gov/standards/marcxml/schema/MARC21slim.xsd">
   <leader>00925njm 22002777a 4500</leader>
   <datafield ind2=" " ind1=" " tag="042">
      <subfield code="a">dc</subfield>
   </datafield>
   <datafield ind2=" " ind1=" " tag="720">
      <subfield code="a">Feixas, Mònica</subfield>
      <subfield code="e">author</subfield>
   </datafield>
   <datafield ind2=" " ind1=" " tag="260">
      <subfield code="c">2010</subfield>
   </datafield>
   <datafield ind2=" " ind1=" " tag="520">
      <subfield code="a">La investigación pretende conocer los enfoques y concepciones sobre docencia del profesorado universitario a lo largo de su trayectoria profesional. Desde la fenomenografía pero con enfoque metodológico mixto, nuestro análisis muestra gran variabilidad respecto cómo los docentes comprenden y expresan sus experiencias y concepciones sobre docencia. Éstas se pueden clasificar en: impartir conocimiento, entusiasmar y motivar, desarrollar habilidades y cambiar concepciones en los estudiantes; con combinaciones entre ellas. Las categorías se ordenan de mayor a menor comprensión de la docencia, son progresivas e inclusivas. Los enfoques docentes no tienen relación con la edad, experiencia, disciplina o categoría profesional aunque existen algunas similitudes entre grupos</subfield>
   </datafield>
   <datafield ind2=" " ind1=" " tag="520">
      <subfield code="a">This study aims at identifying the teaching approaches and conceptions undertaken by faculty throughout their professional careers. Taking into consideration the phenomenographic research, but from a mixed-method research design, our analysis shows great variability in the ways professors express and understand their experiences and conceptions about teaching. They can be classified in: imparting knowledge, motivating students, developing skills and changing students' conceptions, or a combination of these. Categories are ordered from a higher to lower comprehension of teaching, and are progressive and inclusive. Teaching approaches are not related to age, experience, discipline or appointment, although there are some similarities among groups</subfield>
   </datafield>
   <datafield tag="653" ind2=" " ind1=" ">
      <subfield code="a">Professional development</subfield>
   </datafield>
   <datafield tag="653" ind2=" " ind1=" ">
      <subfield code="a">University teachers</subfield>
   </datafield>
   <datafield tag="653" ind2=" " ind1=" ">
      <subfield code="a">Academics</subfield>
   </datafield>
   <datafield tag="653" ind2=" " ind1=" ">
      <subfield code="a">Teaching conceptions</subfield>
   </datafield>
   <datafield tag="653" ind2=" " ind1=" ">
      <subfield code="a">Approaches to teaching</subfield>
   </datafield>
   <datafield tag="653" ind2=" " ind1=" ">
      <subfield code="a">Desarrollo profesional</subfield>
   </datafield>
   <datafield tag="653" ind2=" " ind1=" ">
      <subfield code="a">Profesorado universitario</subfield>
   </datafield>
   <datafield tag="653" ind2=" " ind1=" ">
      <subfield code="a">Enfoque docente</subfield>
   </datafield>
   <datafield tag="653" ind2=" " ind1=" ">
      <subfield code="a">Concepciones docentes</subfield>
   </datafield>
   <datafield ind2="0" ind1="0" tag="245">
      <subfield code="a">Enfoques y concepciones docentes en la universidad</subfield>
   </datafield>
</record></metadata></record></GetRecord></OAI-PMH>